000 00522nam a2200181Ia 4500
005 20250508152952.0
008 008 250505s9999 xx 000 0 hin d
037 _aBooks to be hide in OPAC
040 _aFEDL
_beng
_cFEDL
041 _ahin
_2hin
084 _a300.7, SHA/O
_qFEDL
100 _aSharma A P
245 0 _aSamajik adhyayan tatha nagrik sastra shikshan
260 _aAgra, India
_bGaya Prasad and Sons
_c1962
300 _a213p.
942 _cHB
_h300.7, SHA/O
999 _c1339893
_d1339893